[Event "32.Schlosspark-Open"]
[Site "Wiesbaden-Biebrich"]
[Date "2023.08.24"]
[Round "1.80"]
[White "Meuer, Stephan"]
[Black "Berberich, Christoph"]
[Result "0-1"]
[WhiteElo "1268"]
[BlackElo "1898"]
[PlyCount "136"]
[EventDate "2023.??.??"]
[WhiteTeam "SV Turm Lahnstein"]
[BlackTeam "SK Freiburg-Zähringen 1887 e.V."]

1. e4 c5 2. c3 d5 3. exd5 Qxd5 4. Nf3 Nc6 5. h3 e5 6. d3 Nf6 7. Be2 Be7 8. O-O O-O 9. Re1 Bf5 10. Nh4 Bd7 11. Nf3 Rad8 12. Qb3 b6 13. Qxd5 Nxd5 14. Bg5 Bxg5 15. Nxg5 Nf4 16. Bf1 Bf5 17. Nd2 Nxd3 18. Bxd3 Rxd3 19. Ndf3 f6 20. Ne4 Rfd8 21. Nh4 Bxe4 22. Rxe4 Rd2 23. b4 cxb4 24. cxb4 R8d4 25. Rxd4 Nxd4 26. a3 g5 27. Nf3 Nxf3+ 28. gxf3 Rd3 29. Kg2 Kf7 30. a4 Rb3 31. Rc1 Rxb4 32. Rc7+ Kg6 33. Rxa7 h5 34. a5 bxa5 35. Rxa5 g4 36. fxg4 hxg4 37. hxg4 Rxg4+ 38. Kf1 Rb4 39. Rc5 Kg5 40. Rc3 Kf4 41. Kg2 e4 42. Rh3 Rb2 43. Rh4+ Ke5 44. Rh5+ f5 45. Kg3 Rb3+ 46. Kg2 Kf4 47. Rh4+ Kg5 48. Rh8 Kg4 49. Rg8+ Kf4 50. Rh8 Rb7 51. Rh4+ Kg5 52. Rh3 f4 53. Rc3 Rb2 54. Rc8 e3 55. Rg8+ Kh6 56. Rh8+ Kg7 57. Re8 Rxf2+ 58. Kg1 Kf6 59. Rf8+ Kg5 60. Rg8+ Kf5 61. Re8 Kg4 62. Rh8 Ra2 63. Rh7 Kg3 64. Kf1 Rh2 65. Rf7 Kf3 66. Kg1 Rg2+ 67. Kh1 e2 68. Re7 Rf2 0-1

[Event "32.Schlosspark-Open"]
[Site "Wiesbaden-Biebrich"]
[Date "2023.08.24"]
[Round "1.81"]
[White "Schwarz, Jochen"]
[Black "Barth, Horst"]
[Result "1-0"]
[WhiteElo "1880"]
[BlackElo "1242"]
[PlyCount "31"]
[EventDate "2023.??.??"]
[WhiteTeam "SAbt SV Werder Bremen"]
[BlackTeam "Sfr.Mainz 1928"]

1. e4 c5 2. d4 cxd4 3. c3 dxc3 4. Nxc3 e5 5. Nf3 Nc6 6. Bc4 Nf6 7. Ng5 d5 8. exd5 Na5 9. Bb5+ Bd7 10. Qa4 b6 11. O-O Bd6 12. Nge4 Nb7 13. Bc6 Bxc6 14. Qxc6+ Qd7 15. Nxd6+ Ke7 16. Nxb7 1-0

[Event "32.Schlosspark-Open"]
[Site "Wiesbaden-Biebrich"]
[Date "2023.08.24"]
[Round "1.82"]
[White "Fleck, Peter"]
[Black "Zimmer, Gerald"]
[Result "0-1"]
[WhiteElo "1240"]
[BlackElo "1882"]
[PlyCount "88"]
[EventDate "2023.??.??"]
[WhiteTeam "SC Flörsheim 1921"]
[BlackTeam "SC Bergen-Enkheim 1922"]

1. e4 e6 2. Nf3 d5 3. e5 c5 4. c3 Nc6 5. Bb5 Bd7 6. Bxc6 Bxc6 7. d4 cxd4 8. cxd4 Bb5 9. Nc3 Qa5 10. a3 Rc8 11. Bd2 Ba6 12. b4 Qb6 13. Qa4+ Rc6 14. Rc1 Bc4 15. Be3 a6 16. Nd2 Bb5 17. Qb3 Qc7 18. a4 Bc4 19. Nxc4 Rxc4 20. Na2 b5 21. O-O Ne7 22. Nc3 Qc6 23. Rfd1 Nf5 24. axb5 axb5 25. Na2 Be7 26. h3 O-O 27. Rxc4 dxc4 28. Qc3 Ra8 29. Ra1 Nxe3 30. fxe3 Qa6 31. Qc2 Qa3 32. Qe4 Bg5 33. Qc6 Bxe3+ 34. Kh1 c3 35. Qe4 Bd2 36. Qc2 Qb2 37. Qe4 Qxa1+ 38. Kh2 Qxa2 39. Qc6 Bf4+ 40. Kg1 Bg3 41. Qf3 Qa1+ 42. Qf1 Qxf1+ 43. Kxf1 c2 44. Ke2 c1=Q 0-1

[Event "32.Schlosspark-Open"]
[Site "Wiesbaden-Biebrich"]
[Date "2023.08.24"]
[Round "1.83"]
[White "Dietrich, Leif"]
[Black "Simons, Manfred"]
[Result "1-0"]
[WhiteElo "1879"]
[BlackElo "1208"]
[PlyCount "29"]
[EventDate "2023.??.??"]
[WhiteTeam "Hamburger SK von 1830 eV"]
[BlackTeam "SV Frankfurt Nord 1926"]

1. e4 e5 2. Nf3 Nc6 3. d4 exd4 4. Nxd4 g6 5. Nxc6 bxc6 6. Qd4 Qf6 7. e5 Qg7 8. Bd3 Ne7 9. O-O d6 10. Re1 c5 11. Qc3 Nd5 12. exd6+ Kd8 13. dxc7+ Nxc7 14. Bg5+ Kd7 15. Bf6 1-0

[Event "32.Schlosspark-Open"]
[Site "Wiesbaden-Biebrich"]
[Date "2023.08.24"]
[Round "1.84"]
[White "Stojanoski, Stefan"]
[Black "Kobs, Stephan"]
[Result "0-1"]
[WhiteElo "1162"]
[BlackElo "1877"]
[PlyCount "38"]
[EventDate "2023.??.??"]
[WhiteTeam "SAbt TuS Makkabi Ffm"]
[BlackTeam "TSG 1846 Bretzenheim/ZMO"]

1. e4 c5 2. Nf3 d6 3. d4 cxd4 4. Nxd4 Nf6 5. Nc3 a6 6. Be3 e5 7. Nf3 Qc7 8. Bd3 b5 9. a3 Bb7 10. O-O Nbd7 11. Qd2 Nc5 12. Bxc5 dxc5 13. b4 Rd8 14. Qc1 cxb4 15. axb4 Qxc3 16. Rd1 Bxb4 17. Rb1 O-O 18. Rb3 Qc5 19. c3 Ba5 0-1

[Event "32.Schlosspark-Open"]
[Site "Wiesbaden-Biebrich"]
[Date "2023.08.24"]
[Round "1.85"]
[White "Müller, Riyanna"]
[Black "Hellmann, Alexander"]
[Result "1-0"]
[WhiteElo "1760"]
[BlackElo "1156"]
[PlyCount "43"]
[EventDate "2023.??.??"]
[WhiteTeam "SC Landskrone"]
[BlackTeam "SJ Herborn 1998"]

1. e4 e5 2. Nf3 Nc6 3. Bc4 Bc5 4. d3 d6 5. c3 Bg4 6. Nbd2 Nf6 7. Bb3 O-O 8. O-O Qd7 9. Re1 Rad8 10. Nf1 Ne7 11. h3 Be6 12. Bc2 h6 13. d4 exd4 14. cxd4 Bb4 15. d5 Bxe1 16. Qxe1 Bxh3 17. gxh3 Qxh3 18. Ng3 Ng6 19. Qf1 Qg4 20. Nh2 Qh4 21. Nf5 Qh5 22. Bd1 1-0

[Event "32.Schlosspark-Open"]
[Site "Wiesbaden-Biebrich"]
[Date "2023.08.24"]
[Round "1.86"]
[White "Hafner, Hans-Peter"]
[Black "Kalina, Lena"]
[Result "0-1"]
[WhiteElo "1155"]
[BlackElo "1750"]
[PlyCount "42"]
[EventDate "2023.??.??"]
[WhiteTeam "Sfr.Mainz 1928"]
[BlackTeam "SC Landskrone"]

1. e4 c5 2. Nf3 Nc6 3. Nc3 g6 4. Be2 Bg7 5. d3 e6 6. Be3 b6 7. Qd2 d5 8. exd5 exd5 9. d4 Nge7 10. O-O O-O 11. Bb5 Bg4 12. Bxc6 Nxc6 13. Bh6 Bxf3 14. Bxg7 Kxg7 15. gxf3 Nxd4 16. Qd3 Qd7 17. Rae1 Qh3 18. Re3 Nf5 19. Re5 Nh4 20. Rg5 Nxf3+ 21. Kh1 Qxh2# 0-1

[Event "32.Schlosspark-Open"]
[Site "Wiesbaden-Biebrich"]
[Date "2023.08.24"]
[Round "1.87"]
[White "Schmitt, Carsten"]
[Black "Chen, Lilly"]
[Result "1-0"]
[WhiteElo "1874"]
[BlackElo "920"]
[PlyCount "87"]
[EventDate "2023.??.??"]
[WhiteTeam "SV Bergwinkel"]
[BlackTeam "Sfr Stiller Zug Wiesbaden"]

1. c4 c5 2. g3 g6 3. Bg2 Bg7 4. Nc3 Nc6 5. a3 a6 6. Rb1 Rb8 7. b4 d6 8. b5 axb5 9. Nxb5 Nf6 10. e4 O-O 11. Ne2 e6 12. Nbc3 e5 13. O-O Qe7 14. d3 Na7 15. f4 Bg4 16. h3 Bxe2 17. Qxe2 Nh5 18. Nd5 Qd7 19. Kh2 exf4 20. gxf4 b5 21. Bb2 bxc4 22. Bxg7 cxd3 23. Qxd3 Kxg7 24. Qc3+ Kg8 25. Bf3 Rxb1 26. Rxb1 Ng7 27. Nf6+ Kh8 28. Nxd7 Rd8 29. Rb8 Rxb8 30. Nxb8 Kg8 31. Qa5 Ne6 32. Kg3 Nc8 33. Bg4 Ne7 34. Bxe6 fxe6 35. Qd8+ Kf7 36. Nd7 e5 37. fxe5 dxe5 38. Qf8+ Ke6 39. Nxc5+ Kd6 40. Nb7+ Kd7 41. Qf7 h5 42. Nc5+ Kd8 43. Qf8+ Kc7 44. Qxe7+ 1-0

[Event "32.Schlosspark-Open"]
[Site "Wiesbaden-Biebrich"]
[Date "2023.08.25"]
[Round "2.1"]
[White "Pfreundt, Jakob"]
[Black "Li, Maxim"]
[Result "1-0"]
[WhiteElo "2427"]
[BlackElo "2030"]
[PlyCount "77"]
[EventDate "2023.??.??"]
[WhiteTeam "HSK Lister Turm"]
[BlackTeam "Wiesbadener SV 1885"]

1. d4 e6 2. Nf3 d5 3. c4 c6 4. Bg5 Be7 5. Bxe7 Nxe7 6. Nbd2 Nd7 7. g3 Nf6 8. Bg2 Nf5 9. O-O O-O 10. Qc2 Qb6 11. e3 Bd7 12. Ne5 Rfd8 13. Nd3 Be8 14. Rab1 Qc7 15. b4 Rac8 16. Rfc1 Qe7 17. a4 Nd7 18. Nf4 Nd6 19. c5 Nf5 20. b5 Nf8 21. Nf3 g5 22. Nd3 f6 23. Rb3 g4 24. Nd2 Ng6 25. Rb4 h5 26. Nb3 Nh6 27. e4 dxe4 28. Bxe4 f5 29. Bg2 Nf7 30. Na5 h4 31. bxc6 Bxc6 32. Nxc6 bxc6 33. Qb3 Ng5 34. Re1 Qf6 35. Nf4 Nxf4 36. gxf4 Nf3+ 37. Bxf3 gxf3 38. Rxe6 Qf7 39. Rb7 1-0

[Event "32.Schlosspark-Open"]
[Site "Wiesbaden-Biebrich"]
[Date "2023.08.25"]
[Round "2.3"]
[White "Lammers, Markus"]
[Black "Schneider, J rg"]
[Result "1-0"]
[WhiteElo "2340"]
[BlackElo "2025"]
[PlyCount "109"]
[EventDate "2023.??.??"]
[WhiteTeam "HSK Lister Turm"]
[BlackTeam "Sfr.Mainz 1928"]

1. Nf3 c5 2. c4 g6 3. d4 Bg7 4. Nc3 cxd4 5. Nxd4 Nc6 6. Nb3 d6 7. e4 Nf6 8. Be2 O-O 9. O-O Be6 10. Bg5 Nd7 11. Qd2 Re8 12. Be3 b6 13. Nd5 Nc5 14. f3 a5 15. Rac1 Bxd5 16. exd5 Nb4 17. Ra1 Nxb3 18. axb3 Qc7 19. Rfe1 Rab8 20. Bf1 Qd7 21. Bf2 Qf5 22. Re4 Rb7 23. Rae1 Be5 24. f4 Bf6 25. h3 h5 26. g3 Reb8 27. Qe2 Qd7 28. g4 hxg4 29. hxg4 g5 30. Be3 gxf4 31. Bxf4 Bh4 32. Rc1 Bf6 33. g5 Bg7 34. Re1 Qf5 35. Kh2 Bf8 36. Bh3 Qh7 37. g6 fxg6 38. Rf1 e5 39. dxe6 Be7 40. Bd2 d5 41. Rg4 Bd6+ 42. Bf4 Bxf4+ 43. Rgxf4 g5 44. Rf5 Rg7 45. Qe5 Re8 46. e7 Qh5 47. Rf8+ Kh7 48. Qf5+ Kh6 49. Qf6+ Kh7 50. Qf5+ Kh6 51. Qf6+ Kh7 52. Rxe8 Qxe8 53. Bf5+ Kg8 54. Be6+ Kh7 55. Kg2 1-0

[Event "32.Schlosspark-Open"]
[Site "Wiesbaden-Biebrich"]
[Date "2023.08.25"]
[Round "2.4"]
[White "Burkart, Lloyd Shang"]
[Black "Stork, Oliver"]
[Result "0-1"]
[WhiteElo "1891"]
[BlackElo "2327"]
[PlyCount "102"]
[EventDate "2023.??.??"]
[WhiteTeam "SV 1920 Hofheim"]
[BlackTeam "Klub K lner SF e. V."]

1. d4 Nf6 2. c4 c5 3. d5 g6 4. Nc3 Bg7 5. e4 O-O 6. Nf3 d6 7. h3 e6 8. Bd3 Na6 9. Be3 Nc7 10. a4 Na6 11. Qd2 Re8 12. O-O Nb4 13. Be2 exd5 14. exd5 Bf5 15. Rac1 Ne4 16. Nxe4 Rxe4 17. Rfe1 Qf6 18. b3 Rae8 19. Bf1 Qb2 20. g4 Bd7 21. Qxb2 Bxb2 22. Rb1 Bf6 23. Bd2 h5 24. Rxe4 Rxe4 25. gxh5 gxh5 26. Re1 Bf5 27. Bxb4 cxb4 28. Rxe4 Bxe4 29. Ne1 Bf5 30. Kg2 Kg7 31. Bd3 Bd7 32. Be4 Bd4 33. Nd3 Kf6 34. Nxb4 Kg5 35. Nc2 Bc3 36. Ne3 f5 37. Bd3 f4 38. Nd1 Bd4 39. Kh2 Kh4 40. Bf1 a5 41. Bd3 Bxh3 42. f3 b6 43. Bg6 Bf1 44. Bc2 Kg5 45. Kh1 Kf6 46. Kh2 Kf7 47. Kh1 Kg7 48. Kh2 Kf6 49. Kh1 Kg5 50. Kh2 Kh4 51. Kh1 Kg3 0-1

[Event "32.Schlosspark-Open"]
[Site "Wiesbaden-Biebrich"]
[Date "2023.08.25"]
[Time "09:30:00"]
[Round "2.5"]
[White "Gutman, Lev"]
[Black "Leck, Gerrit"]
[Result "1-0"]
[PlyCount "61"]
[EventDate "2023.??.??"]
[WhiteElo "2325"]
[BlackElo "1981"]
[WhiteTeam "SV Lingen"]
[BlackTeam "SV Lahn Limburg"]

1. Nf3 Nf6 2. g3 g6 3. Bg2 Bg7 4. O-O O-O 5. d4 d6 6. c4 Nbd7 7. Nc3 e5 8. h3 Re8 9. e4 exd4 10. Nxd4 c6 11. Be3 Nc5 12. Qc2 Qe7 13. Rfe1 a5 14. Rad1 a4 15. f3 Nfd7 16. Bf2 h5 17. b4 axb3 18. axb3 h4 19. g4 Be5 20. Nce2 g5 21. Nf5 Qf8 22. Be3 Ne6 23. Qd2 f6 24. f4 Nxf4 25. Nxf4 gxf4 26. Bxf4 Nc5 27. Bh6 Qf7 28. Nxd6 Bxd6 29. Qxd6 Nxb3 30. Rf1 Be6 31. e5 1-0

[Event "32.Schlosspark-Open"]
[Site "Wiesbaden-Biebrich"]
[Date "2023.08.25"]
[Round "2.6"]
[White "Gentner, Markus"]
[Black "Dolzhykova, Kateryna"]
[Result "1-0"]
[WhiteElo "1982"]
[BlackElo "2307"]
[PlyCount "81"]
[EventDate "2023.??.??"]
[WhiteTeam "SC Murrhardt 1948 e.V."]
[BlackTeam "SV Oberursel"]

1. Nf3 Nf6 2. c4 g6 3. Nc3 Bg7 4. e4 d6 5. d4 O-O 6. h3 e5 7. d5 a5 8. Be2 Na6 9. Bg5 h6 10. Be3 Nc5 11. Nd2 c6 12. g4 Ne8 13. Nb3 Nxb3 14. Qxb3 Kh7 15. O-O-O Bf6 16. Kb1 Bg5 17. Bb6 Qe7 18. c5 Nf6 19. h4 Bf4 20. g5 Nd7 21. dxc6 Nxb6 22. cxd6 Qe6 23. Qxb6 bxc6 24. gxh6 Bd7 25. h5 Bxh6 26. hxg6+ fxg6 27. Qe3 Rf4 28. Na4 Kg7 29. Nc5 Qf7 30. Nd3 Rh4 31. Qc5 Rxe4 32. Nxe5 Qf5 33. Nxd7 Re5+ 34. Bd3 Rxc5 35. Bxf5 Rxf5 36. Rhe1 Bg5 37. Ne5 Rxf2 38. d7 Bf6 39. Nc4 a4 40. Re8 Bd8 41. Nb6 1-0

[Event "32.Schlosspark-Open"]
[Site "Wiesbaden-Biebrich"]
[Date "2023.08.25"]
[Round "2.7"]
[White "Neukirchner, Pascal"]
[Black "Villani, Cristian"]
[Result "1-0"]
[WhiteElo "2279"]
[BlackElo "1986"]
[PlyCount "45"]
[EventDate "2023.??.??"]
[WhiteTeam "SK Gr ndau"]
[BlackTeam "SK Durlach"]

1. Nf3 Nf6 2. g3 g6 3. b3 Bg7 4. Bb2 O-O 5. Bg2 d6 6. d4 e5 7. dxe5 Ng4 8. Qd2 Nxe5 9. Nc3 Nbc6 10. O-O-O Ng4 11. e3 Be6 12. h3 Nf6 13. e4 Nd7 14. Kb1 Nb6 15. Rhe1 Qf6 16. Ng5 Rad8 17. f4 Bc8 18. Qc1 Rfe8 19. e5 dxe5 20. Nce4 Qf5 21. fxe5 Nxe5 22. g4 Rxd1 23. Rxd1 1-0

[Event "32.Schlosspark-Open"]
[Site "Wiesbaden-Biebrich"]
[Date "2023.08.25"]
[Round "2.8"]
[White "Schwarz, Eduard"]
[Black "Weber, Samuel"]
[Result "1/2-1/2"]
[WhiteElo "1951"]
[BlackElo "2276"]
[PlyCount "120"]
[EventDate "2023.??.??"]
[WhiteTeam "SG Turm Idstein"]
[BlackTeam "SV Oberursel"]

1. Nf3 Nf6 2. d4 g6 3. c4 Bg7 4. Nc3 O-O 5. e4 d6 6. Be2 Bg4 7. h3 Bxf3 8. Bxf3 c5 9. dxc5 Ne8 10. cxd6 Nxd6 11. e5 Bxe5 12. c5 Nc4 13. Qxd8 Rxd8 14. Bxb7 Bxc3+ 15. bxc3 Nd7 16. Bxa8 Rxa8 17. c6 Nc5 18. O-O Rc8 19. Rd1 Rxc6 20. Rd4 Nd6 21. Ba3 h5 22. Rd5 Ncb7 23. Re1 Kf8 24. Rde5 Rxc3 25. Bxd6 Nxd6 26. Rxe7 Ra3 27. Rd7 Nf5 28. Re2 Ra4 29. Rb2 Nh6 30. Rd3 Nf5 31. a3 a5 32. Rb7 Kg7 33. Rdd7 Nh6 34. Rd3 Kf6 35. Rb5 Nf5 36. g3 h4 37. g4 Nd4 38. g5+ Kg7 39. Rb7 Ne6 40. Rb5 Nd4 41. Rc5 Ne6 42. Re5 Kg8 43. Rde3 Rc4 44. Rxa5 Rc1+ 45. Kh2 Rc2 46. Rf3 Kg7 47. Re5 Ra2 48. Kg2 Ra1 49. Rf6 Rxa3 50. Rfxe6 fxe6 51. Rxe6 Ra5 52. f4 Ra3 53. Re7+ Kg8 54. Re4 Rg3+ 55. Kh2 Rf3 56. Re6 Kg7 57. Rf6 Rg3 58. Ra6 Rf3 59. Ra7+ Kg8 60. Ra4 Rg3 1/2-1/2

[Event "32.Schlosspark-Open"]
[Site "Wiesbaden-Biebrich"]
[Date "2023.08.25"]
[Round "2.9"]
[White "Boidman, Yuri"]
[Black "Pauls, Wilhelm"]
[Result "1-0"]
[WhiteElo "2288"]
[BlackElo "1957"]
[PlyCount "89"]
[EventDate "2023.??.??"]
[WhiteTeam "SC Heimbach-Weis/Neuwied e.V."]
[BlackTeam "Sportgemeinschaft Kaarst 1912/35"]

{[%evp 0,57,21,37,37,40,33,25,66,48,36,40,99,92,88,80,80,9,5,-14,61,56,59,39,58,35,40,31,45,27,19,48,61,82,83,75,66,71,94,105,71,81,83,77,99,75,85,45,40,36,29,-29,46,-7,0,-21,6,-57,19,-19]} 1. e4 c5 2. Nf3 Nc6 3. Bb5 g6 4. O-O Bg7 5. Nc3 Nh6 6. d3 O-O 7. h3 d6 8. Bxc6 bxc6 9. Be3 Kh8 10. Qd2 Ng8 11. e5 Rb8 12. b3 f6 13. exd6 exd6 14. Rad1 f5 15. d4 c4 16. Rfe1 cxb3 17. axb3 Rb7 18. Bg5 Qa5 19. Bf4 Qd8 20. Ng5 Qf6 21. h4 h6 22. Nf3 Kh7 23. Re3 Qd8 24. Rde1 Nf6 25. Qe2 Rbf7 26. Qc4 Ne4 27. Qd3 Bb7 28. Nd1 Qb6 29. c4 Qb4 30. R3e2 Qa3 31. Nd2 d5 32. f3 Qa1 33. Be5 Bxe5 34. dxe5 Ng3 35. Rf2 Re7 36. f4 Ne4 37. Nxe4 fxe4 38. Qe3 Qa6 39. h5 dxc4 40. Qxe4 c5 41. Qxg6+ Qxg6 42. hxg6+ Kxg6 43. bxc4 Kf5 44. Ne3+ Kg6 45. Rd1 1-0

[Event "32.Schlosspark-Open"]
[Site "Wiesbaden-Biebrich"]
[Date "2023.08.25"]
[Round "2.10"]
[White "Sanati, Charlotte"]
[Black "Euler, Gerd"]
[Result "1/2-1/2"]
[WhiteElo "1976"]
[BlackElo "2243"]
[PlyCount "45"]
[EventDate "2023.??.??"]
[WhiteTeam "SG Trier 1877 e.V."]
[BlackTeam "SSG Hungen-Lich"]

1. d4 f5 2. Bg5 g6 3. Nc3 Bg7 4. h4 d6 5. e4 h6 6. Be3 Nf6 7. exf5 gxf5 8. Bc4 c6 9. Qf3 d5 10. Bd3 O-O 11. O-O-O Ne4 12. Bxe4 fxe4 13. Qg3 Qd6 14. Qxd6 exd6 15. Nge2 Bg4 16. Rdf1 Nd7 17. Bf4 c5 18. f3 cxd4 19. fxg4 dxc3 20. Nxc3 Nb6 21. Bxd6 Rfe8 22. Re1 d4 23. Nb5 1/2-1/2

[Event "32.Schlosspark-Open"]
[Site "Wiesbaden-Biebrich"]
[Date "2023.08.25"]
[Round "2.11"]
[White "Kersten, Uwe"]
[Black "Giese, Tilman"]
[Result "1/2-1/2"]
[WhiteElo "2235"]
[BlackElo "1977"]
[PlyCount "81"]
[EventDate "2023.??.??"]
[WhiteTeam "Sfr. Bad Emstal/Wolfhagen"]
[BlackTeam "SC Turm Illingen"]

1. d4 Nf6 2. Nf3 g6 3. Bf4 Bg7 4. c3 O-O 5. Nbd2 d5 6. e3 b6 7. h4 Bg4 8. Be2 Nbd7 9. Ne5 Nxe5 10. Bxe5 Bxe2 11. Qxe2 Qd7 12. O-O-O c5 13. e4 cxd4 14. Bxd4 dxe4 15. Nxe4 Bh6+ 16. Be3 Bxe3+ 17. Qxe3 Qe6 18. Nxf6+ Qxf6 19. Rd7 Qc6 20. Rhd1 Qxg2 21. h5 Qh2 22. h6 e5 23. Kb1 Qh4 24. a3 Rfe8 25. Qf3 Qf4 26. Qd5 Qf6 27. Ka1 Qe6 28. Qf3 e4 29. Qf4 Re7 30. R1d6 Rxd7 31. Rxe6 fxe6 32. Qxe4 Re8 33. Qe5 Rde7 34. f4 Rf8 35. Ka2 Kf7 36. a4 Rd7 37. Kb3 Ke7 38. a5 Rf5 39. Qg7+ Kd6 40. Qd4+ Ke7 41. Qb4+ 1/2-1/2

[Event "32.Schlosspark-Open"]
[Site "Wiesbaden-Biebrich"]
[Date "2023.08.25"]
[Round "2.13"]
[White "Bl baum, Johanna"]
[Black "Minor, Samuel"]
[Result "0-1"]
[WhiteElo "1969"]
[BlackElo "2185"]
[PlyCount "90"]
[EventDate "2023.??.??"]
[WhiteTeam "SV K nigsspringer Lemgo"]
[BlackTeam "Wiesbadener SV 1885"]

1. d4 Nf6 2. c4 e6 3. Nc3 Bb4 4. e3 O-O 5. Bd3 d5 6. cxd5 exd5 7. Nge2 c5 8. a3 cxd4 9. axb4 dxc3 10. bxc3 Bg4 11. f3 Bh5 12. Nf4 Bg6 13. Nxg6 hxg6 14. O-O Nbd7 15. Qb3 Qb6 16. Ra5 Rac8 17. Qa3 a6 18. Bd2 Ne5 19. Be2 Rfd8 20. Rc5 Rxc5 21. bxc5 Qc6 22. Rb1 Nfd7 23. Qa5 Rc8 24. Be1 Nxc5 25. Rd1 b5 26. e4 Nb7 27. Qb4 dxe4 28. fxe4 Nc4 29. Bf3 Qe6 30. Bf2 Ne5 31. Be2 Nc6 32. Qb1 Nd6 33. Bf3 Ne5 34. Qb4 Ndc4 35. Bd4 Nxf3+ 36. gxf3 Qh3 37. Rd3 Re8 38. Qb1 Ne5 39. Bxe5 Rxe5 40. Qf1 Rg5+ 41. Kf2 Qxh2+ 42. Ke3 Rg1 43. Rd8+ Kh7 44. Qe2 Qh1 45. Qf2 Rg2 0-1

[Event "32.Schlosspark-Open"]
[Site "Wiesbaden-Biebrich"]
[Date "2023.08.25"]
[Round "2.14"]
[White "Simon, Eric"]
[Black "Khenkin, Igor"]
[Result "0-1"]
[WhiteElo "2029"]
[BlackElo "2508"]
[PlyCount "66"]
[EventDate "2023.??.??"]
[WhiteTeam "SF Eltville"]
[BlackTeam "Wiesbadener SV 1885"]

1. e4 c5 2. Nc3 e6 3. g3 d5 4. d3 d4 5. Nce2 e5 6. f4 Nc6 7. Nf3 Bd6 8. Bg2 Nf6 9. O-O h6 10. h3 Bd7 11. Bd2 Qb6 12. Rf2 O-O-O 13. Rb1 c4 14. a3 Rhe8 15. Nxe5 Bxe5 16. fxe5 Nxe5 17. Bf4 Bb5 18. Bxe5 Rxe5 19. Nf4 Qa6 20. dxc4 Bxc4 21. Nd3 Bxd3 22. cxd3 Kb8 23. Qb3 Qe6 24. Qxe6 fxe6 25. Rc1 Rb5 26. Rfc2 a5 27. Rc7 Rd7 28. Rc8+ Ka7 29. R1c2 Kb6 30. Kf2 Rf7 31. Bf3 Nxe4+ 32. dxe4 Rb3 33. Re8 Rfxf3+ 0-1

[Event "32.Schlosspark-Open"]
[Site "Wiesbaden-Biebrich"]
[Date "2023.08.25"]
[Round "2.15"]
[White "Jahnel, G nther"]
[Black "Albert, Ingo"]
[Result "1-0"]
[WhiteElo "2183"]
[BlackElo "1968"]
[PlyCount "66"]
[EventDate "2023.??.??"]
[WhiteTeam "FVS ASP Hoyerswerda"]
[BlackTeam "FT Schierstein"]

1. d4 d5 2. c4 e6 3. Nc3 Nf6 4. Bg5 Be7 5. cxd5 exd5 6. Qc2 c6 7. e3 O-O 8. Bd3 Nbd7 9. Nge2 Re8 10. O-O Nf8 11. a3 g6 12. b4 a6 13. Na4 Ne6 14. Bh4 Ng7 15. Nc5 Nf5 16. Bg5 Nd6 17. Bf4 Nh5 18. Be5 f6 19. Bf4 Nxf4 20. Nxf4 f5 21. Rfe1 Bf6 22. a4 Re7 23. Rab1 Qe8 24. Be2 b5 25. Ra1 Rea7 26. Bf3 Ne4 27. Rec1 Nxc5 28. Qxc5 Bd7 29. Nxd5 cxd5 30. Bxd5+ Kh8 31. Bxa8 Rxa8 32. Qd6 Bg7 33. Rc7 Be6 1-0

[Event "32.Schlosspark-Open"]
[Site "Wiesbaden-Biebrich"]
[Date "2023.08.25"]
[Round "2.16"]
[White "D rr, Tarik"]
[Black "Ruppert, Wolfgang"]
[Result "0-1"]
[WhiteElo "1957"]
[BlackElo "2165"]
[PlyCount "110"]
[EventDate "2023.??.??"]
[WhiteTeam "SC Einrich e.V."]
[BlackTeam "SC Fl rsheim 1921"]

1. e4 e6 2. d4 d5 3. e5 c5 4. c3 Bd7 5. Nf3 Qb6 6. Be2 Bb5 7. O-O Bxe2 8. Qxe2 Nc6 9. dxc5 Bxc5 10. b4 Bf8 11. Be3 Qc7 12. Nbd2 Nge7 13. c4 Nxb4 14. Rfc1 Nbc6 15. Rab1 d4 16. Nxd4 Nxd4 17. Bxd4 Nf5 18. Ba1 Qc6 19. Ne4 b6 20. c5 Bxc5 21. g4 Nh4 22. Bd4 O-O 23. Bxc5 bxc5 24. Rxc5 Qa4 25. Rc4 Qa5 26. Rc5 Qa4 27. Rc4 Qa6 28. Nd6 Rab8 29. Rbc1 Qa5 30. Rc5 Qxc5 31. Rxc5 Rb1+ 32. Qf1 Nf3+ 33. Kg2 Rxf1 34. Kxf1 Nxh2+ 35. Ke2 Nxg4 36. f3 Nh6 37. Nc8 a6 38. Rc6 Nf5 39. Kd3 h5 40. Nd6 Ra8 41. Nxf5 exf5 42. Ke3 g6 43. Kf4 Kg7 44. Kg5 Re8 45. Rxa6 Rxe5 46. a4 f6+ 47. Kh4 f4 48. Kh3 Re2 49. Rc6 Ra2 50. Rc4 g5 51. Rb4 Kg6 52. Rc4 Kf5 53. Rc5+ Ke6 54. a5 f5 55. Rc6+ Kd5 0-1

[Event "32.Schlosspark-Open"]
[Site "Wiesbaden-Biebrich"]
[Date "2023.08.25"]
[Round "2.17"]
[White "Perske, Paul"]
[Black "Baladjaev, Emin"]
[Result "1/2-1/2"]
[WhiteElo "2085"]
[BlackElo "1967"]
[PlyCount "97"]
[EventDate "2023.??.??"]
[WhiteTeam "Sfr.Heidesheim"]
[BlackTeam "SAbt TuS Dotzheim"]

1. e4 e5 2. Nf3 d6 3. d4 exd4 4. Nxd4 Nc6 5. Nc3 Be7 6. Nxc6 bxc6 7. Bd3 Nf6 8. O-O Rb8 9. h3 O-O 10. f4 Nd7 11. Kh1 Nc5 12. Qf3 Nxd3 13. cxd3 Bf6 14. Qf2 Ba6 15. Rd1 c5 16. Be3 Bb7 17. Rac1 Re8 18. Kh2 Bc6 19. b3 a5 20. e5 dxe5 21. f5 a4 22. Nxa4 Bxa4 23. bxa4 Ra8 24. Rxc5 Rxa4 25. Qc2 Qa8 26. Rd2 e4 27. d4 Ra3 28. Rc3 c5 29. Qc1 Rxc3 30. Qxc3 cxd4 31. Bxd4 Qb8+ 32. g3 Bxd4 33. Qxd4 e3 34. Re2 h6 35. f6 Qa8 36. fxg7 Qf3 37. Qd3 Re6 38. a4 Kxg7 39. a5 f5 40. Qd7+ Kf6 41. Qd4+ Kg6 42. Qc4 Re4 43. Qg8+ Kf6 44. Rb2 Re6 45. Qh8+ Kg6 46. Qg8+ Kf6 47. Qh8+ Kg6 48. Qg8+ Kf6 49. Qh8+ 1/2-1/2

[Event "32.Schlosspark-Open"]
[Site "Wiesbaden-Biebrich"]
[Date "2023.08.25"]
[Round "2.19"]
[White "Nagel, Bernhard"]
[Black "Ehmann, Johanna"]
[Result "1-0"]
[WhiteElo "2146"]
[BlackElo "1864"]
[PlyCount "149"]
[EventDate "2023.??.??"]
[WhiteTeam "K lner SK Dr. Lasker 186"]
[BlackTeam "SK Oberkirch"]

1. c4 c5 2. g3 Nf6 3. Bg2 d5 4. cxd5 Nxd5 5. Nf3 Nc6 6. Nc3 Nc7 7. a3 e5 8. Rb1 Bd7 9. O-O Be7 10. b4 cxb4 11. axb4 a6 12. d4 exd4 13. Nxd4 O-O 14. Nxc6 Bxc6 15. Bxc6 bxc6 16. Qc2 a5 17. bxa5 Rxa5 18. Qe4 Nd5 19. Bb2 Bf6 20. Nxd5 Rxd5 21. Bxf6 Qxf6 22. Rfc1 Re5 23. Qc4 h6 24. Rb6 Qe7 25. Rb2 Re8 26. e3 c5 27. Rbc2 Qa7 28. Qf1 Rc8 29. Rc4 Qe7 30. Qd3 Rd8 31. Qc2 Rc8 32. Rd1 Qe6 33. Qd3 Qe7 34. Qd7 Qxd7 35. Rxd7 Ra8 36. Rc7 Ra1+ 37. Kg2 Ra2 38. e4 f5 39. R4xc5 Rxc5 40. Rxc5 fxe4 41. Re5 Ra4 42. g4 e3 43. f3 Ra2+ 44. Kg3 e2 45. h4 Kf7 46. h5 Rb2 47. Kf2 e1=Q+ 48. Kxe1 Ra2 49. Re2 Ra3 50. Kf2 Rb3 51. Kg3 Ra3 52. Kf4 Ra1 53. Kf5 Ra5+ 54. Re5 Ra1 55. Rb5 Re1 56. Rb7+ Kg8 57. f4 Re2 58. Rb5 Kf7 59. g5 hxg5 60. fxg5 Rf2+ 61. Kg4 Rg2+ 62. Kf4 Rh2 63. Rb7+ Kf8 64. Kf5 Rxh5 65. Ke6 g6 66. Kf6 Ke8 67. Kxg6 Rh1 68. Kg7 Rg1 69. g6 Rg2 70. Rb4 Re2 71. Rf4 Re1 72. Kg8 Re2 73. g7 Re1 74. Rh4 Ra1 75. Kh8 1-0

[Event "32.Schlosspark-Open"]
[Site "Wiesbaden-Biebrich"]
[Date "2023.08.25"]
[Round "2.20"]
[White "Bremer, Vincent"]
[Black "Siegert, Gregor"]
[Result "0-1"]
[WhiteElo "1925"]
[BlackElo "1973"]
[PlyCount "46"]
[EventDate "2023.??.??"]
[WhiteTeam "TSG 1846 Bretzenheim/ZMO"]
[BlackTeam "Schachforum Darmstadt 1994"]

1. c4 e5 2. g3 Nc6 3. Bg2 Bc5 4. e3 a6 5. Ne2 d6 6. d4 exd4 7. exd4 Ba7 8. O-O Nge7 9. Nbc3 O-O 10. b3 Nf5 11. d5 Ne5 12. Bb2 h5 13. h3 h4 14. Kh2 hxg3+ 15. fxg3 Ne3 16. Qd2 Qg5 17. Kh1 Qh6 18. Ng1 Nxf1 19. Qxh6 Nxg3+ 20. Kh2 gxh6 21. Kxg3 Nd3 22. Rb1 Nxb2 23. Rxb2 Bxg1 0-1